THE STRUGGLE FOR THE MIDDLE EAST THE SOVIET UNION AND THE MIDDLE EAST 1958-88 (Record no. 581384)
[ view plain ]
| 000 -LEADER | |
|---|---|
| fixed length control field | 00328nam a22001217a 4500 |
| 020 ## - INTERNATIONAL STANDARD BOOK NUMBER | |
| International Standard Book Number | 0-7100-6636-8 |
| 082 ## - DEWEY DECIMAL CLASSIFICATION NUMBER | |
| Classification number | 327.1 LAQ'S |
| 100 ## - MAIN ENTRY--PERSONAL NAME | |
| Personal name | LAQUEUR, WALTER |
| 9 (RLIN) | 75981 |
| 245 ## - TITLE STATEMENT | |
| Title | THE STRUGGLE FOR THE MIDDLE EAST THE SOVIET UNION AND THE MIDDLE EAST 1958-88 |
| 260 ## - PUBLICATION, DISTRIBUTION, ETC. | |
| Place of publication, distribution, etc. | LONDON |
| Name of publisher, distributor, etc. | ROUTLEDGE |
| Date of publication, distribution, etc. | 1969 |
| 300 ## - PHYSICAL DESCRIPTION | |
| Extent | 360P |
| 942 ## - ADDED ENTRY ELEMENTS (KOHA) | |
| Koha item type | Book |
| Withdrawn status | Lost status | Damaged status | Not for loan | Permanent Location | Current Location | Shelving location | Date acquired | Total Checkouts | Full call number | Barcode | Date last seen | Price effective from | Koha item type |
|---|---|---|---|---|---|---|---|---|---|---|---|---|---|
| College of Electrical & Mechanical Engineering (CEME) | College of Electrical & Mechanical Engineering (CEME) | General Stacks | 05/25/2017 | 327.1 LAQ'S | CEME-12254 | 06/28/2021 | 06/28/2021 | Book |
